=LDR 00000nam 2200000 4500 =001 INLIS000000000002316 =005 20240521013941 =035 ##$$a 0010-0524000070 =007 ta =008 240521###########################0#ind## =020 ##$$a 978-602-14630-1-7 =082 ##$$a 158.1 =084 ##$$a 158.1 ANN t =100 #$$a Annisa Mardatillah =245 1#$$a Think and Grow Success by Soft Skill : $b Menyingkap rahasia kekuatan dibalik 10 soft skill /$c Annisa Mardatillah ; editor, E. Ranti. AW =250 ##$$a Cetakan pertama =260 ##$$a Solo :$b AryHaeko Sinergi Persada,$c 2016 =300 ##$$a 152 hlm. : $b ilus. ; $c 19 cm. =650 #4$$a Sukses =700 #$$a E. Ranti. AW